Loading...
Workers' control /
| Main Author: | |
|---|---|
| Format: | Printed Book |
| Language: | English |
| Published: |
London :
George Allen and Unwin,
1973.
|
| LEADER | 00490nam a22001457a 4500 | ||
|---|---|---|---|
| 008 | 171122b xxu||||| |||| 00| 0 eng d | ||
| 999 | |c 165121 |d 165121 | ||
| 020 | |a . | ||
| 082 | |a 331.8801 | ||
| 100 | |a Roberts, Ernie | ||
| 245 | |a Workers' control / |c Ernie Roberts | ||
| 260 | |b George Allen and Unwin, |c 1973. |a London : | ||
| 300 | |a 308 p. | ||
| 942 | |c BK | ||
| 952 | |0 0 |1 0 |4 0 |6 331_880100000000000_ROB_W |7 0 |8 SEC |9 181476 |a CMS |b CMS |c ST1 |d 2017-11-22 |i 2150 |l 0 |o 331.8801 ROB/W |p CMS2150 |r 2017-11-22 |w 2017-11-22 |y BK | ||